| 000 | 01073cam a2200325 a 4500 | ||
|---|---|---|---|
| 001 | 1635555 | ||
| 003 | OSt | ||
| 005 | 20140310182258.0 | ||
| 008 | 960724s1997 nyu c 000 1 eng | ||
| 010 | _a 96030734 | ||
| 020 | _a0060275103 | ||
| 020 | _a9780439576512 | ||
| 040 |
_aDLC _cDLC _dDLC |
||
| 042 | _alcac | ||
| 050 | 0 | 0 |
_aPZ 7 _b.L578 1997 |
| 082 | 0 | 0 |
_aFIC _bL57e 2004 |
| 100 | 1 |
_aLevine, Gail Carson. _919550 |
|
| 245 | 1 | 0 |
_aElla enchanted / _cGail Carson Levine. |
| 250 | _a1st ed. | ||
| 260 |
_aNew York : _bHarperCollinsPublishers, _cc1997. |
||
| 300 |
_a232 p. ; _c19 cm. |
||
| 541 | _j1 | ||
| 562 | _e1 | ||
| 650 | 1 |
_aFantasy. _93293 |
|
| 856 | 4 | 2 |
_3Publisher description _uhttp://www.loc.gov/catdir/description/hc041/96030734.html |
| 856 | 4 | 2 |
_3Contributor biographical information _uhttp://www.loc.gov/catdir/enhancements/fy0910/96030734-b.html |
| 906 |
_a7 _bcbc _corignew _d1 _eocip _f19 _gy-gencatlg |
||
| 942 |
_2lcc _cBK-FIC |
||
| 999 |
_c11528 _d11528 |
||